00000000nam##2200000za#4500
0019.611269
003CaOODSP
00520210929082755
007ta
008150406|1994||||xxc|||||     f|0| 0 eng|d
020 |a0-662-22326-8
040 |aCaOODSP|beng
043 |an-cn---
0861 |aFo29-6/78-1994E
1101 |aCanada. |bNatural Resources Canada. |bCanadian Forest Service.
24510|aGrey spruce looper / |cby A. J. Stewart.
260 |aVictoria - British Columbia : |bNatural Resources Canada. |c1994.
300 |a4p. : |billus., references ; |c28 cm.
4901 |aForest pest leaflet|v78
500 |aN.B.: Incorrect catalogue number (Fo 29-6/71-1994E) printed in this publication.
69007|aInsects|2gcpds
69007|aDiseases|2gcpds
69007|aTrees|2gcpds
7201 |aStewart, A. J.
7760#|tGray spruce looper / |w(CaOODSP)9.573508
830#0|aForest pest leaflet ;|v78|w(CaOODSP)9.514653